ՀՀ Գիտությունների ազգային ակադեմիայի հիմնարար գիտական գրադարան  =   Fundamental Scientific Library of NAS RA

Երկեր : (Record no. 182267)

MARC details
000 -LEADER
fixed length control field 02155nam a2200361 a 4500
001 - CONTROL NUMBER
control field 000494294
003 - CONTROL NUMBER IDENTIFIER
control field AM-YeHGA
005 - DATE AND TIME OF LATEST TRANSACTION
control field 20250618072635.0
008 - FIXED-LENGTH DATA ELEMENTS--GENERAL INFORMATION
fixed length control field 060703s2006 ai |||||r|||||||||0|arm|d
020 ## - INTERNATIONAL STANDARD BOOK NUMBER
International Standard Book Number 5808407044 (Հ. 1)
020 ## - INTERNATIONAL STANDARD BOOK NUMBER
International Standard Book Number 978-5-8084-1146-3 (Հ. 4)
020 ## - INTERNATIONAL STANDARD BOOK NUMBER
International Standard Book Number 978-5-8084-1534-8 (Հ. 5)
020 ## - INTERNATIONAL STANDARD BOOK NUMBER
International Standard Book Number 978-5-8084-1643-7 (Հ. 6) լրացուցիչ)
040 ## - CATALOGING SOURCE
Original cataloging agency AM-YeHGA
041 0# - LANGUAGE CODE
Language code of text/sound track or separate title arm
090 ## - LOCALLY ASSIGNED LC-TYPE CALL NUMBER (OCLC); LOCAL CALL NUMBER (RLIN)
-- 183720
100 1# - MAIN ENTRY--PERSONAL NAME
Personal name Ադոնց, Նիկողայոս Գևորգի
Dates associated with a name 1871-1942
9 (RLIN) 9379
245 10 - TITLE STATEMENT
Title Երկեր :
Remainder of title 5 հատորով [+ 1 հ. լրացուցիչ] /
Statement of responsibility, etc. Ն. Ադոնց ; Հրատ. պատրաստեց՝ Պ.Հ. Հովհաննիսյանը ; ԵՊՀ.
260 ## - PUBLICATION, DISTRIBUTION, ETC.
Place of publication, distribution, etc. Երևան :
Name of publisher, distributor, etc. Երևանի համալս. հրատ.,
Date of publication, distribution, etc. 2006-
300 ## - PHYSICAL DESCRIPTION
Extent 5 հ. +1 լրացուցիչ
440 #0 - SERIES STATEMENT/ADDED ENTRY--TITLE
Title Հայկական մատենաշար Գալուստ Կիուլպէնկեան հիմնարկութեան
505 10 - FORMATTED CONTENTS NOTE
Miscellaneous information Հ. 1 (2006, 652 էջ+1 էջ ներդիր)
Title Պատմագիտական ուսումնասիրություններ
Miscellaneous information Հ. Դ (2009, 720, 2 էջ ներդիր)
Title Քննական պատմություն հայոց
Miscellaneous information Հ. Ե (2012, 664, 1 էջ ներդիր)
Title Հայ-բյուզանդական ուսումնասիրություններ
Statement of responsibility Թարգմ.՝ Ա. Շահումյան, Օ.Վարդազարյան, Վ.Պողոսյան
Miscellaneous information Հ. Զ [լրացուցիչ] (2012, 540 էջ + 1 ներդիր)
Title Հրապարակախոսություն
Statement of responsibility Խմբ.՝ Պ.Հ. Հովհաննիսյան; Թարգմ.՝ Վ.Ա. Դիլոյան, Գ.Ա. Մադոյան, Օ.Ս. Վարդազարյան
650 14 - SUBJECT ADDED ENTRY--TOPICAL TERM
Topical term or geographic name entry element Հայ պատմագիտություն
650 10 - SUBJECT ADDED ENTRY--TOPICAL TERM
Topical term or geographic name entry element Հայոց պատմություն
650 10 - SUBJECT ADDED ENTRY--TOPICAL TERM
Topical term or geographic name entry element Բանասիրություն
700 1# - ADDED ENTRY--PERSONAL NAME
Personal name Հովհաննիսյան, Պետրոս Հովհաննեսի
Relator term հրատ.
Relationship pbl
700 1# - ADDED ENTRY--PERSONAL NAME
Personal name Շահումյան, Ա.
Relator term թարգմ.
Relationship trl
700 1# - ADDED ENTRY--PERSONAL NAME
Personal name Վարդազարյան, Օ.
Relator term թարգմ.
Relationship trl
700 1# - ADDED ENTRY--PERSONAL NAME
Personal name Պողոսյան Վ.
Relator term թարգմ.
Relationship trl
700 1# - ADDED ENTRY--PERSONAL NAME
Personal name Մադոյան, Գևորգ Արշակի
Relator term թարգմ.
Relationship trl
710 2# - ADDED ENTRY--CORPORATE NAME
Corporate name or jurisdiction name as entry element Երևանի պետական համալսարան
942 ## - ADDED ENTRY ELEMENTS (KOHA)
Source of classification or shelving scheme Universal Decimal Classification
Koha item type Գրքեր / Books
Holdings
Withdrawn status Lost status Source of classification or shelving scheme Damaged status Not for loan Collection Home library Current library Date acquired Serial enumeration / chronology Total checkouts Full call number Barcode Date last seen Price effective from Koha item type Public note Date last checked out
    Universal Decimal Classification     General Fundamental Scientific Library Fundamental Scientific Library 28/12/2016 Հ. 1   AII/91474 220091474 28/12/2016 28/12/2016 Գրքեր / Books 30 Days Loan  
    Universal Decimal Classification     General Fundamental Scientific Library Fundamental Scientific Library 28/12/2016 Հ. 1   AII/92020 220092020 28/12/2016 28/12/2016 Գրքեր / Books 30 Days Loan  
    Universal Decimal Classification     General Fundamental Scientific Library Fundamental Scientific Library 28/12/2016 Հ. 4   AII/95408 FL0149495 28/12/2016 28/12/2016 Գրքեր / Books 30 Days Loan  
    Universal Decimal Classification     General Fundamental Scientific Library Fundamental Scientific Library 28/12/2016 Հ. 5   AII/98364 FL0224566 28/12/2016 28/12/2016 Գրքեր / Books 30 Days Loan  
    Universal Decimal Classification     General Fundamental Scientific Library Fundamental Scientific Library 28/12/2016 Հ. 6 1 AII/99056 FL0274497 25/10/2019 28/12/2016 Գրքեր / Books 30 Days Loan 25/10/2019
    Universal Decimal Classification     General Fundamental Scientific Library Fundamental Scientific Library 28/12/2016 Հ. 6   AII/99057 FL0274498 28/12/2016 28/12/2016 Գրքեր / Books 30 Days Loan  
    Universal Decimal Classification     General Fundamental Scientific Library Fundamental Scientific Library 08/11/2018 Հ. 1   AII/103914 FL0538530 08/11/2018 08/11/2018 Գրքեր / Books 30 Days Loan  


ՀՀ ԳԱԱ հիմնարար գիտական գրադարան
ՀՀ,Երևան 0019
Մարշալ Բաղրամյան 24/6
հեռախոս:(374-10) 52-47-50
Հետադարձ կապ

All site content, except where otherwise noted, is licensed under a
Creative Commons License